| 000 | 00614nam a2200169 i 4500 | ||
|---|---|---|---|
| 001 | 24614 | ||
| 003 | ES-MaACL | ||
| 005 | 20230906153100.0 | ||
| 007 | t| | ||
| 008 | 021218s1940 sp ||||1| spa d | ||
| 100 | 1 |
_aAntón del Olmet, Fernando de, _cMarqués de Dosfuentes, _dn. 1872 _921946 |
|
| 245 | 1 | 0 |
_aTensones : _bepigramas y epigramios ; ironías y sarcasmos ; musa clásica (1936-1939) / _cFernando de Antón del Olmet, marqués de Dosfuentes. |
| 260 |
_aMadrid : _b[s.n., _c1940] ( _fAugusto Boné Alarcón) |
||
| 300 |
_a28 p. ; _c22 cm. |
||
| 852 |
_aES-MaACL _j1808-F-11 |
||
| 999 |
_c24614 _d24614 |
||